[Event "Hoogeveen Essent op"]
[Site "Hoogeveen"]
[Date "2000.10.16"]
[Round "4"]
[White "Ulibin, Mikhail"]
[Black "Kharitonov, Andrei Y"]
[Result "1-0"]
[WhiteElo "2583"]
[BlackElo "2539"]
[EventDate "2000.10.13"]

1. d4 d5 2. c4 e6 3. Nc3 Nf6 4. cxd5 exd5 5. Bg5 c6 6. e3 Be7 7. Qc2 Nbd7 
8. Bd3 Nf8 9. Nf3 Ne6 10. Bh4 g6 11. h3 O-O 12. O-O-O Ng7 13. g4 Be6 14. 
Rdg1 Rc8 15. Bxf6 Bxf6 16. h4 c5 17. h5 cxd4 18. exd4 Qb6 19. hxg6 fxg6 
20. Bxg6 hxg6 21. Qxg6 Bh4 22. Rh3 Rxf3 23. Rxf3 Qxd4 24. Qh6 Qe4 25. Re3 
Qh7 26. Qxh7+ Kxh7 27. Rh3 d4 28. Rxh4+ Kg6 29. f4 Bxa2 30. f5+ Kf7 31. 
Rd1 dxc3 32. Rd7+ Kg8 33. bxc3 Bf7 34. Rh3 b5 35. Re3 Re8 36. Rxe8+ Nxe8 
37. Rxa7 Nf6 38. g5 Ne4 39. g6 Bxg6 40. fxg6 Nxc3 41. Kd2 Nd5 42. Rf7 b4 
43. Kc2 Ne3+ 44. Kd3 Ng2 45. Ke4 Nh4 46. Ke5 Nxg6+ 47. Kf6 Nf4 48. Rb7 
Nh5+ 49. Kg6 Nf4+ 50. Kf5 Nd3 51. Rd7 Nc1 52. Kf6 b3 53. Rg7+ Kh8 54. Rb7 
Kg8 55. Rb8+ Kh7 56. Rb4 Nd3 57. Rxb3 Nf4 58. Kf5 Ne2 59. Ke4 Kh6 60. Re3 
Nc1 61. Kd4 Kg5 62. Kc4 Kf4 63. Re1 1-0

[Event "Hoogeveen Essent op"]
[Site "Hoogeveen"]
[Date "2000.10.18"]
[Round "6"]
[White "Gleizerov, Evgeny"]
[Black "Kharitonov, Andrei Y"]
[Result "1/2-1/2"]
[WhiteElo "2557"]
[BlackElo "2539"]
[EventDate "2000.10.13"]

1. d4 d5 2. c4 e6 3. Nc3 Nf6 4. Bg5 Be7 5. cxd5 exd5 6. Qc2 c6 7. e3 Nbd7 
8. Bd3 O-O 9. Nf3 Re8 10. O-O Nf8 11. Ne5 Ng4 12. Bxe7 Qxe7 13. Nxg4 Bxg4 
14. Bf5 Bxf5 15. Qxf5 1/2-1/2

[Event "ISL-chT"]
[Site "Reykjavik"]
[Date "2000.03.24"]
[Round "?"]
[White "Petursson, Margeir"]
[Black "Hjartarson, Johann"]
[Result "1/2-1/2"]
[WhiteElo "2544"]
[BlackElo "2633"]
[EventDate "2000.03.24"]

1. d4 Nf6 2. c4 e6 3. Nc3 d5 4. cxd5 exd5 5. Bg5 Be7 6. e3 c6 7. Bd3 Nbd7 
8. Nge2 Nh5 9. Bxe7 Qxe7 10. g4 Nhf6 11. Ng3 Nb6 12. g5 Ng8 13. h4 h6 14. 
g6 Nf6 15. Qf3 O-O 16. Nf5 Bxf5 17. Qxf5 Rae8 18. Rg1 Qb4 19. O-O-O Nc4 
20. Bxc4 Qxc4 21. Kb1 Ne4 22. Nxe4 Rxe4 23. Rg2 f6 24. h5 Rfe8 25. Qf3 a5 
26. Rg4 R4e6 27. Rgg1 a4 28. Qf5 Re4 29. Rd2 Qb5 30. a3 1/2-1/2

[Event "Istanbul ol (Men)"]
[Site "Istanbul"]
[Date "2000.10.29"]
[Round "2.1"]
[White "Ivanchuk, Vassily"]
[Black "Andersson, Ulf"]
[Result "1/2-1/2"]
[WhiteElo "2719"]
[BlackElo "2641"]
[EventDate "2000.10.28"]

1. d4 Nf6 2. c4 e6 3. Nc3 d5 4. Nf3 Nbd7 5. cxd5 exd5 6. Bf4 c6 7. Qc2 Nh5
8. Bd2 Nhf6 9. O-O-O Bb4 10. e3 O-O 11. Bd3 Re8 12. Ne2 Bd6 13. Ng3 Nf8 
14. Kb1 Qe7 15. Bc3 Ne4 16. Bxe4 dxe4 17. Nd2 f5 18. Nc4 Bxg3 19. hxg3 Be6
20. b3 Bd5 21. Bb2 Qe6 22. Ba3 Nd7 23. Qc3 1/2-1/2

[Event "Istanbul ol (Men)"]
[Site "Istanbul"]
[Date "2000.10.31"]
[Round "4.1"]
[White "Azmaiparashvili, Zurab"]
[Black "Andersson, Ulf"]
[Result "1/2-1/2"]
[WhiteElo "2673"]
[BlackElo "2641"]
[EventDate "2000.10.28"]

1. d4 Nf6 2. c4 e6 3. Nf3 d5 4. Nc3 Nbd7 5. cxd5 exd5 6. Bf4 c6 7. e3 Be7 
8. Bd3 O-O 9. O-O Re8 10. h3 Nf8 11. Ne5 N6d7 12. Rb1 Nxe5 13. Bxe5 Bd6 
14. Bxd6 Qxd6 15. b4 a6 16. a4 Be6 17. Qf3 Nd7 18. Rfe1 h6 19. Qf4 Qxf4 
20. exf4 Nb6 21. a5 Nc8 22. Na4 Nd6 23. Nc5 Rad8 24. Re5 Bc8 25. Rbe1 Kf8 
26. g4 f6 27. R5e3 Kf7 28. Kg2 Rxe3 29. fxe3 Rh8 30. f5 h5 31. Kg3 hxg4 
32. hxg4 Ke7 33. e4 dxe4 34. Bxe4 Nxe4+ 35. Rxe4+ Kf7 36. Na4 g6 37. fxg6+
Kxg6 38. Re7 Rd8 39. Nb6 Bxg4 40. Kxg4 Rxd4+ 41. Kf3 Rxb4 42. Rxb7 Rb5 43.
 Rc7 Rxa5 44. Rxc6 Kg5 45. Nc4 Ra1 46. Rc5+ Kg6 47. Ke4 Re1+ 48. Ne3 Ra1 
49. Rc2 a5 50. Rg2+ Kf7 51. Kf5 Re1 52. Nc4 Rf1+ 53. Ke4 Ra1 54. Kd5 a4 
55. Nd6+ Kf8 56. Ke6 a3 57. Kxf6 Rf1+ 58. Nf5 Rb1 59. Nd4 Rf1+ 60. Ke5 
Re1+ 61. Kd5 Ra1 62. Kc4 a2 63. Rc2 Kf7 64. Nb3 Rd1 65. Rxa2 Kf6 66. Nd4 
Rc1+ 67. Kd5 Rd1 68. Re2 Rd3 69. Re6+ Kf7 70. Re1 Kf6 71. Rf1+ Ke7 72. Ra1
Kf6 73. Ra6+ Ke7 74. Ra1 Kf6 75. Ke4 Rd2 76. Ra6+ Kf7 77. Ke5 Rd1 78. Rf6+
Ke7 79. Nf5+ Kd7 80. Rf7+ Kd8 81. Ne7 Ke8 82. Rh7 Re1+ 83. Kd6 Rd1+ 84. 
Nd5 Kf8 85. Ke5 Re1+ 86. Kd4 Rd1+ 87. Ke4 Re1+ 88. Ne3 Ke8 89. Kf4 Kd8 90.
 Nf5 Ke8 91. Nd6+ Kd8 92. Kf5 Rf1+ 93. Ke5 Re1+ 94. Ne4 Ke8 1/2-1/2

[Event "Istanbul ol (Men)"]
[Site "Istanbul"]
[Date "2000.11.02"]
[Round "6.2"]
[White "Vladimirov, Evgeny"]
[Black "Ruzele, Darius"]
[Result "0-1"]
[WhiteElo "2598"]
[BlackElo "2541"]
[EventDate "2000.10.28"]

1. d4 e6 2. c4 Nf6 3. Nc3 d5 4. cxd5 exd5 5. Bg5 c6 6. Qc2 Na6 7. e3 Nc7 
8. Bd3 Ne6 9. Bh4 Be7 10. Nf3 g6 11. O-O O-O 12. Rab1 Ng7 13. b4 a6 14. a4
Nf5 15. Bxf6 Bxf6 16. b5 a5 17. Ne2 Bd7 18. bxc6 bxc6 19. Ng3 Ng7 20. Ne5 
Bxe5 21. dxe5 Qc7 22. f4 Rab8 23. e4 Qa7+ 24. Kh1 Rxb1 25. Rxb1 Qd4 26. 
Rd1 Qe3 27. f5 gxf5 28. exd5 cxd5 29. Nxf5 Nxf5 30. Bxf5 Rc8 31. Bxh7+ Kg7
32. Qb1 Rh8 33. Rxd5 Be6 34. Rd3 Qxe5 35. Rg3+ Kf8 36. Qd1 Ke7 37. Qg1 
Rxh7 38. Qa7+ Kf6 39. Qf2+ Ke7 40. Qa7+ Kf6 41. Qf2+ Bf5 42. Qb6+ Ke7 43. 
Qa7+ Ke6 44. Qb6+ Kd7 45. Qb7+ Qc7 46. Qd5+ Ke7 47. Re3+ Be6 48. Qe5 Qxe5 
49. Rxe5 Rh4 50. Rxa5 Rd4 51. h3 Bd5 52. Kg1 Kd6 0-1

[Event "Istanbul ol (Men)"]
[Site "Istanbul"]
[Date "2000.11.02"]
[Round "6.2"]
[White "Georgiev, Kiril"]
[Black "Lputian, Smbat G"]
[Result "1-0"]
[WhiteElo "2661"]
[BlackElo "2598"]
[EventDate "2000.10.28"]

1. c4 e6 2. Nc3 d5 3. d4 Be7 4. cxd5 exd5 5. Bf4 c6 6. e3 Bf5 7. g4 Be6 8.
 h4 Nf6 9. g5 Ne4 10. Bd3 Qa5 11. Kf1 Nxc3 12. bxc3 Nd7 13. Ne2 O-O-O 14. 
a4 h6 15. gxh6 gxh6 16. Ng3 Nb6 17. Nf5 Bf8 18. Qc2 Nc4 19. Rg1 Bd6 20. 
Bxh6 Bxf5 21. Bxf5+ Kb8 22. Bg5 Rde8 23. Bd7 Re4 24. Re1 Be7 25. Bf5 Bxg5 
26. Bxe4 Bxe3 27. fxe3 dxe4 28. Rg5 f5 29. Qh2+ Ka8 30. Qg2 Qd5 31. h5 a5 
32. Qf2 Nd6 33. Kg1 Qf7 34. Qh2 Nc4 35. Re2 Ka7 36. Rf2 Nxe3 37. Qg3 Nd5 
38. Rfxf5 Qd7 39. c4 Nb4 40. Rxa5+ Na6 41. Qe5 Qd8 42. Qc5+ 1-0

[Event "Istanbul ol (Men)"]
[Site "Istanbul"]
[Date "2000.11.04"]
[Round "7.2"]
[White "Giorgadze, Giorgi"]
[Black "Piket, Jeroen"]
[Result "0-1"]
[WhiteElo "2599"]
[BlackElo "2649"]
[EventDate "2000.10.28"]

1. d4 Nf6 2. c4 e6 3. Nc3 Bb4 4. e3 O-O 5. Bd3 d5 6. cxd5 exd5 7. Ne2 Re8 
8. O-O c6 9. f3 b6 10. g4 Ba6 11. Bc2 Nbd7 12. Rf2 Nf8 13. Ng3 Ne6 14. f4 
Bxc3 15. bxc3 Nc7 16. a4 Bc4 17. f5 Ne4 18. Bxe4 dxe4 19. f6 g6 20. g5 Qd7
21. Rf4 Qh3 22. Qg4 Qxg4 23. Rxg4 Bd3 24. c4 b5 25. axb5 cxb5 26. cxb5 
Nxb5 27. Nh1 a5 28. Nf2 a4 29. Nxd3 h5 30. Rxe4 Rxe4 31. Nc5 Rg4+ 32. Kf2 
h4 33. Rxa4 Rxa4 34. Nxa4 h3 35. Nc5 Rg2+ 36. Kf3 Rxh2 37. Ne4 Rh1 38. Bd2
Rg1 0-1

[Event "Istanbul ol (Men)"]
[Site "Istanbul"]
[Date "2000.11.07"]
[Round "10.2"]
[White "Dautov, Rustem"]
[Black "Lputian, Smbat G"]
[Result "1-0"]
[WhiteElo "2606"]
[BlackElo "2598"]
[EventDate "2000.10.28"]

1. d4 e6 2. c4 d5 3. Nc3 Be7 4. cxd5 exd5 5. Bf4 c6 6. e3 Bf5 7. g4 Be6 8.
 h4 c5 9. Be5 Bf6 10. Bxb8 Rxb8 11. g5 Be7 12. Bg2 h6 13. Nge2 hxg5 14. 
hxg5 Rxh1+ 15. Bxh1 Bxg5 16. Qa4+ Kf8 17. dxc5 Ne7 18. Qxa7 Nc6 19. Qb6 
Qf6 20. Qc7 Rc8 21. Qh2 Nb4 22. Rd1 Kg8 23. a3 Nc2+ 24. Kd2 Nd4 25. Nxd4 
Qxd4+ 26. Ke1 Qxc5 27. Bxd5 Qb6 28. Bxe6 Qxe6 29. Qg2 Bf6 30. Qxb7 Bxc3+ 
31. bxc3 Rxc3 32. Qb8+ Kh7 33. Qh2+ Qh6 34. Qxh6+ gxh6 35. Ra1 h5 36. a4 
Rc6 37. a5 Ra6 38. Kf1 Kg6 39. Kg2 Kg5 40. Kh3 f6 41. f4+ Kg6 42. e4 1-0

[Event "NED-GER"]
[Site "Venlo"]
[Date "2000.08.25"]
[Round "2"]
[White "Van der Sterren, Paul"]
[Black "Lutz, Christopher"]
[Result "1/2-1/2"]
[WhiteElo "2569"]
[BlackElo "2595"]
[EventDate "2000.08.24"]

1. c4 Nf6 2. d4 e6 3. Nf3 d5 4. Nc3 Bb4 5. cxd5 exd5 6. Bg5 Nbd7 7. Rc1 c6
8. e3 Be7 9. Qc2 O-O 10. Bd3 Re8 11. O-O Nf8 12. h3 Be6 13. a3 N6d7 14. 
Bf4 Nb6 15. Na4 Nxa4 16. Qxa4 Ng6 17. Bh2 Bd6 18. Bxd6 Qxd6 19. b4 a6 20. 
Rc3 Bd7 21. Qc2 Qf6 22. Kh2 Qd6+ 23. Kh1 Qf6 24. Kh2 Qd6+ 25. Kg1 1/2-1/2

[Event "North Sea Cup 15th"]
[Site "Esbjerg"]
[Date "2000.07.13"]
[Round "7"]
[White "Nielsen, Peter Heine"]
[Black "Grischuk, Alexander"]
[Result "1/2-1/2"]
[WhiteElo "2578"]
[BlackElo "2606"]
[EventDate "2000.07.07"]

1. d4 d5 2. c4 e6 3. Nf3 c6 4. Qc2 Nf6 5. Bg5 Nbd7 6. cxd5 exd5 7. e3 Be7 
8. Bd3 O-O 9. Nc3 Re8 10. O-O Nf8 11. h3 Ng6 12. Bxf6 Bxf6 13. b4 Be7 14. 
b5 Bd6 15. bxc6 bxc6 16. Bf5 Qf6 17. Bxc8 Raxc8 18. Rab1 Rc7 19. Qa4 Rec8 
20. Rb2 Qe7 21. Rfb1 Nf8 22. Qa6 Nd7 23. Rb7 Nb6 24. Rxc7 Rxc7 25. Na4 Nd7
26. Rc1 Qf6 27. Kh1 h6 28. Nc3 g6 29. Qd3 Kg7 30. e4 dxe4 31. Nxe4 Qf4 32.
 Qe3 Qxe3 33. fxe3 Ba3 34. Rc3 Bf8 35. g4 Nf6 36. Nxf6 Kxf6 37. Kg2 Bd6 
38. Kf2 c5 39. dxc5 Rxc5 40. Rxc5 Bxc5 41. Ke2 1/2-1/2

[Event "Ordzhonikidze zt 1.9"]
[Site "Ordzhonikidze"]
[Date "2000.06.15"]
[Round "7"]
[White "Neverov, Valeriy"]
[Black "Kruppa, Yuri"]
[Result "1/2-1/2"]
[WhiteElo "2541"]
[BlackElo "2561"]
[EventDate "2000.06.09"]

1. d4 d5 2. c4 e6 3. Nc3 Be7 4. cxd5 exd5 5. Bf4 Nf6 6. e3 Bf5 7. Nge2 O-O
8. Ng3 Be6 9. Be2 c6 10. O-O Nbd7 11. Qc2 Re8 12. Rfc1 Nf8 13. Rab1 N6d7 
14. Nf5 Bxf5 15. Qxf5 Ne6 16. Bg3 Bh4 17. b4 Bxg3 18. hxg3 a6 19. g4 b5 
20. a4 Nb6 21. Ra1 Qd6 22. Qb1 g6 23. Rc2 Rab8 24. Rca2 Ng5 25. Bd3 Qe6 
26. Qd1 Qd6 27. Rb1 Kg7 28. Ne2 Nxa4 29. Bc2 Nb6 30. Rxa6 Ne6 31. Nc1 Ng5 
32. Nd3 Re7 33. Rba1 Ne6 34. Ne5 Nc7 35. Ra7 Nc4 36. Nd3 Ne6 37. R7a6 Nc7 
38. Ra7 Ne6 39. Qf3 Nd2 40. Qd1 Nc4 1/2-1/2

[Event "Penta Media GM"]
[Site "Kelamabakkam"]
[Date "2000.08.26"]
[Round "12"]
[White "Vladimirov, Evgeny"]
[Black "Barua, Dibyendu"]
[Result "1-0"]
[WhiteElo "2598"]
[BlackElo "2502"]
[EventDate "2000.08.14"]

1. d4 d5 2. c4 e6 3. Nc3 Nf6 4. cxd5 exd5 5. Bg5 c6 6. Qc2 Be7 7. e3 O-O 
8. Bd3 Nbd7 9. Nge2 Re8 10. O-O-O Nf8 11. h3 Qa5 12. Kb1 Ne4 13. Bxe7 
Nxc3+ 14. Qxc3 Qxc3 15. Nxc3 Rxe7 16. b4 b5 17. a4 a6 18. a5 Ne6 19. Ne2 
Bd7 20. Rc1 g6 21. h4 h5 22. Ng1 Kg7 23. Nf3 f6 24. Nd2 Rae8 25. Nb3 Nd8 
26. Nc5 Bc8 27. Kc2 Ne6 28. Nb3 f5 29. g3 Rf8 30. Kd2 Bd7 31. Be2 Rf6 32. 
Rc2 Nd8 33. Nc5 Bc8 34. Nd3 Nf7 35. Rhc1 Bd7 36. Ke1 Kf8 37. Nc5 Bc8 38. 
Nxa6 Bxa6 39. Rxc6 Ree6 40. R6c5 Nd6 41. Rxd5 f4 42. gxf4 Nf5 43. Bxb5 
Nxh4 44. Bxa6 Rxa6 45. Rd7 Rf7 46. Rxf7+ Kxf7 47. Ra1 Nf5 48. b5 Ra8 49. 
b6 Nd6 50. a6 Ke6 51. a7 h4 52. Kf1 h3 53. Kg1 Kd5 54. Rc1 Ke4 55. Rc6 Nf5
56. b7 1-0

[Event "Quebec op"]
[Site "Montreal"]
[Date "2000.07.26"]
[Round "4"]
[White "Kogan, Artur"]
[Black "Miladinovic, Igor"]
[Result "1/2-1/2"]
[WhiteElo "2504"]
[BlackElo "2563"]
[EventDate "2000.07.22"]

1. d4 d5 2. Nf3 Nf6 3. c4 e6 4. Nc3 Be7 5. cxd5 exd5 6. Bg5 c6 7. Qc2 Nbd7
8. e3 Nf8 9. Bd3 Ne6 10. Bh4 g6 11. O-O Ng7 12. e4 dxe4 13. Nxe4 Nxe4 14. 
Bxe7 Qxe7 15. Bxe4 O-O 1/2-1/2

[Event "RUS Cup final 4th"]
[Site "Elista"]
[Date "2000.08.20"]
[Round "2"]
[White "Kruppa, Yuri"]
[Black "Grigoriants, Sergey"]
[Result "1/2-1/2"]
[WhiteElo "2582"]
[BlackElo "2503"]
[EventDate "2000.08.19"]

1. d4 d5 2. c4 e6 3. Nc3 Be7 4. cxd5 exd5 5. Bf4 c6 6. e3 Bf5 7. g4 Be6 8.
 h4 Qb6 9. Rb1 Nd7 10. h5 h6 11. f3 Ngf6 12. Bd3 Qd8 13. Nge2 O-O 14. Ng3 
c5 15. Kf1 cxd4 16. exd4 Qb6 17. Kg2 Rfe8 18. Re1 Rac8 19. Nf5 Bb4 1/2-1/2

[Event "RUS Cup final 4th"]
[Site "Elista"]
[Date "2000.08.30"]
[Round "11"]
[White "Kruppa, Yuri"]
[Black "Kosyrev, Vladimir"]
[Result "1-0"]
[WhiteElo "2582"]
[BlackElo "2512"]
[EventDate "2000.08.19"]

1. d4 e6 2. c4 Nf6 3. Nc3 d5 4. cxd5 exd5 5. Bg5 c6 6. Qc2 Be7 7. e3 Nbd7 
8. Bd3 Nh5 9. Bxe7 Qxe7 10. Nge2 g6 11. O-O O-O 12. Rae1 Ndf6 13. Nc1 Ng7 
14. f3 c5 15. dxc5 Qxc5 16. Nb3 Qb6 17. Qf2 Ne6 18. Qh4 Qd8 19. Rd1 Bd7 
20. Rf2 Bc6 21. e4 dxe4 22. Bxe4 Qe7 23. Bxc6 bxc6 24. Ne4 Nd5 25. Qxe7 
Nxe7 26. Rd7 Nd5 27. Na5 Rfd8 28. Rxd8+ Nxd8 29. Rd2 Rb8 30. a3 f5 31. Nc5
Kf7 32. b4 Ke7 33. Re2+ Kf7 34. Nc4 Nf6 35. Kf2 f4 36. h4 h6 37. Nd6+ Kf8 
38. Ne8 1-0

[Event "Sao Paulo zt 2.4"]
[Site "Sao Paulo"]
[Date "2000.06.06"]
[Round "2"]
[White "Leitao, Rafael"]
[Black "Milos, Gilberto"]
[Result "1/2-1/2"]
[WhiteElo "2565"]
[BlackElo "2620"]
[EventDate "2000.06.05"]

1. d4 Nf6 2. c4 e6 3. Nf3 d5 4. Nc3 Be7 5. cxd5 exd5 6. Bg5 O-O 7. e3 c6 
8. Bd3 Nbd7 9. Qc2 Re8 10. O-O Nf8 11. Rae1 Be6 12. Ne5 N6d7 13. Bxe7 Rxe7
14. Nxd7 Qxd7 15. b4 Qd6 16. Rb1 a5 17. a3 axb4 18. axb4 Ree8 1/2-1/2

[Event "Seville op"]
[Site "Seville"]
[Date "2000.??.??"]
[Round "6"]
[White "Lalic, Bogdan"]
[Black "Campora, Daniel Hugo"]
[Result "0-1"]
[WhiteElo "2548"]
[BlackElo "2534"]
[EventDate "2000.??.??"]

1. d4 Nf6 2. c4 e6 3. Nc3 d5 4. cxd5 exd5 5. Bg5 Be7 6. e3 O-O 7. Bd3 Nbd7
8. Nf3 c6 9. Qc2 Re8 10. h3 Nf8 11. Bf4 Be6 12. O-O Ng6 13. Bh2 Bd6 14. 
Ne5 Nf8 15. f4 a6 16. Kh1 Qc7 17. g4 Bc8 18. Qg2 N6d7 19. g5 Bxe5 20. fxe5
Qd8 21. e4 Nb6 22. exd5 cxd5 23. Ne2 Be6 24. Nf4 Rc8 25. Rf2 Re7 26. Raf1 
Nc4 27. Qf3 g6 28. b3 Na5 29. Ne2 Nc6 30. Bf4 Nb4 31. Bb1 Nc2 32. Bxc2 
Rxc2 33. Nc3 Rxf2 34. Rxf2 Rc7 35. Kh2 b5 36. Bd2 Rd7 37. Ne2 Bf5 38. Ng3 
Be4 39. Qf6 Ne6 40. Be3 Bb1 41. Rb2 Qc8 42. Qf2 Bd3 43. Qd2 Bf5 44. a4 Rc7
45. axb5 axb5 46. Nxf5 gxf5 47. Ra2 Rc3 48. Ra8 Qxa8 49. Qxc3 Qa2+ 50. Kg3
Qb1 51. Bf2 Qf1 0-1

[Event "Skelleftea op"]
[Site "Skelleftea"]
[Date "2000.??.??"]
[Round "7"]
[White "Agrest, Evgenij"]
[Black "Chernin, Alexander"]
[Result "1/2-1/2"]
[WhiteElo "2604"]
[BlackElo "2583"]
[EventDate "2000.??.??"]

1. d4 Nf6 2. c4 e6 3. Nc3 d5 4. cxd5 exd5 5. Bg5 Be7 6. e3 Nbd7 7. Bd3 c6 
8. Qc2 Nf8 9. Nf3 Ne6 10. Bh4 g6 11. O-O O-O 12. Rab1 a5 13. a3 Ng7 14. b4
axb4 1/2-1/2

[Event "Solin 8th"]
[Site "Solin/Split"]
[Date "2000.12.13"]
[Round "5"]
[White "Tukmakov, Vladimir B"]
[Black "Cvitan, Ognjen"]
[Result "1/2-1/2"]
[WhiteElo "2582"]
[BlackElo "2541"]
[EventDate "2000.12.09"]

1. Nf3 Nf6 2. c4 e6 3. Nc3 d5 4. d4 c6 5. Bg5 Nbd7 6. cxd5 exd5 7. e3 Be7 
8. Qc2 O-O 9. Bd3 Re8 10. O-O Nf8 11. a3 Ne4 12. Bxe7 Qxe7 13. Nd2 Bf5 14.
 Bxe4 Bxe4 15. Ncxe4 dxe4 16. Rfc1 Nd7 17. b4 a6 18. a4 h6 19. Rab1 Nb6 
20. Qb3 Qe6 21. b5 axb5 22. axb5 Nd5 23. bxc6 bxc6 24. Rc5 f5 25. g3 Ra6 
26. Nc4 Rea8 27. Ne5 Rb6 28. Qd1 Raa6 29. Rbc1 Kh7 30. h4 Ne7 31. h5 Ra2 
32. Nc4 Rb5 33. Rxb5 cxb5 34. Qb3 Qa6 35. Nd6 Ra1 36. Rxa1 Qxa1+ 37. Kg2 
Qa4 38. Qxb5 Qd1 39. Qc4 Qf3+ 40. Kg1 Qxh5 1/2-1/2

[Event "Subotica 21st Century"]
[Site "Subotica"]
[Date "2000.12.22"]
[Round "5"]
[White "Shariyazdanov, Andrey"]
[Black "Grigoriants, Sergey"]
[Result "1/2-1/2"]
[WhiteElo "2582"]
[BlackElo "2503"]
[EventDate "2000.12.18"]

1. d4 d5 2. c4 e6 3. Nc3 Be7 4. Nf3 Nf6 5. Qc2 O-O 6. cxd5 exd5 7. Bg5 
Nbd7 8. e3 Re8 9. Bd3 Nf8 10. O-O c6 11. Ne5 Ng4 12. Bxe7 Qxe7 13. Nxg4 
1/2-1/2

[Event "YUG-chT 52nd"]
[Site "Novi Sad"]
[Date "2000.08.25"]
[Round "1"]
[White "Sakaev, Konstantin"]
[Black "Zontakh, Andrey"]
[Result "1-0"]
[WhiteElo "2627"]
[BlackElo "2578"]
[EventDate "2000.08.24"]

1. d4 d5 2. c4 c6 3. Nf3 Nf6 4. Nc3 e6 5. Bg5 Nbd7 6. cxd5 exd5 7. e3 Be7 
8. Bd3 Ne4 9. Bf4 f5 10. h3 O-O 11. Qc2 Ndf6 12. Ne5 Nd7 13. Nf3 Ndf6 14. 
O-O Be6 15. Ne2 Rc8 16. Rad1 Nd7 17. Ne5 Nxe5 18. Bxe5 Qd7 19. f3 Nd6 20. 
Nf4 g6 21. g4 Nc4 22. Nxe6 Qxe6 23. gxf5 gxf5 24. Bxc4 dxc4 25. Kh2 Kf7 
26. e4 Ke8 27. exf5 Rxf5 28. f4 Kf7 29. Rg1 Bf8 30. d5 cxd5 31. Rxd5 Rh5 
32. Qg2 Ke8 33. Re1 Kf7 34. Rdd1 b6 35. Bc3 Qc6 36. Qg4 1-0

[Event "YUG-chT 52nd"]
[Site "Novi Sad"]
[Date "2000.08.28"]
[Round "5"]
[White "Ivanisevic, Ivan"]
[Black "Kosic, Dragan"]
[Result "1/2-1/2"]
[WhiteElo "2530"]
[BlackElo "2515"]
[EventDate "2000.08.24"]

1. c4 e6 2. Nc3 d5 3. cxd5 exd5 4. d4 Nf6 5. Bg5 c6 6. e3 Be7 7. Qc2 Nbd7 
8. Bd3 O-O 9. Nf3 Re8 10. h3 Nf8 11. O-O-O 1/2-1/2

[Event "AUT-chT qual"]
[Site "Jenbach"]
[Date "2001.??.??"]
[Round "3.2"]
[White "Beim, Valery"]
[Black "Bischoff, Klaus"]
[Result "1/2-1/2"]
[WhiteElo "2521"]
[BlackElo "2533"]
[EventDate "2001.04.20"]

1. c4 e6 2. Nc3 d5 3. d4 Be7 4. Nf3 Nf6 5. cxd5 exd5 6. Bg5 c6 7. Qc2 Nbd7
8. e3 Nh5 9. Bxe7 Qxe7 10. O-O-O Nb6 11. Ne5 g6 12. g4 Ng7 13. h3 Be6 14. 
Be2 f6 15. Nd3 Bf7 16. Nc5 1/2-1/2

[Event "American Continental 1st"]
[Site "Cali"]
[Date "2001.08.20"]
[Round "11"]
[White "Arencibia Rodriguez, Walter"]
[Black "Campora, Daniel Hugo"]
[Result "0-1"]
[WhiteElo "2548"]
[BlackElo "2506"]
[EventDate "2001.08.09"]

1. d4 Nf6 2. c4 e6 3. Nc3 d5 4. cxd5 exd5 5. Bg5 c6 6. Qc2 Be6 7. e3 Nbd7 
8. Bd3 h6 9. Bh4 g5 10. Bg3 Nh5 11. Nf3 Nxg3 12. hxg3 Bg7 13. Rb1 Qe7 14. 
b4 Rc8 15. Ne2 h5 16. Bf5 Bf6 17. Kf1 Kf8 18. a3 Kg7 19. Nd2 b6 20. Bd3 c5
21. Qd1 Bg4 22. f3 Be6 23. Kf2 cxd4 24. Nxd4 Nb8 25. N2b3 Qd6 26. Qd2 Nc6 
27. Rbc1 Ne7 28. Rxc8 Bxc8 29. f4 g4 30. Qc2 h4 31. gxh4 Bxh4+ 32. Kf1 g3 
33. Nd2 Qe6 34. Qc7 Rh5 35. N2f3 Qxe3 0-1

[Event "CZE-chT 0001"]
[Site "Czechia"]
[Date "2001.??.??"]
[Round "10"]
[White "Stohl, Igor"]
[Black "Votava, Jan"]
[Result "1/2-1/2"]
[WhiteElo "2554"]
[BlackElo "2510"]
[EventDate "2000.11.??"]

1. d4 Nf6 2. c4 e6 3. Nc3 d5 4. cxd5 exd5 5. Bg5 Be7 6. e3 c6 7. Qc2 Nbd7 
8. Bd3 Nh5 9. Bxe7 Qxe7 10. O-O-O Nb6 11. h3 g6 12. Nf3 Be6 13. Kb1 O-O-O 
14. Na4 Nf6 15. Nc5 Nfd7 16. Rc1 Nxc5 17. dxc5 Nc4 18. Ka1 f6 19. Nd4 Bf7 
20. Rhe1 Rhe8 21. Bf1 f5 22. b3 Ne5 23. f4 Nd7 24. b4 a6 25. a4 Qf6 26. 
Qc3 Re4 27. b5 axb5 28. axb5 Nb8 29. Kb2 Rde8 30. Ra1 Qe7 31. Ra7 Rxe3 32.
 Rxe3 Qxe3 33. Qxe3 Rxe3 34. bxc6 Be8 35. cxb7+ Kc7 36. Be2 Re4 37. Bb5 
Rxd4 38. Bxe8 Rxf4 39. c6 Re4 40. Bd7 Rb4+ 41. Kc3 Rb1 42. Ra8 f4 43. Kd4 
Rb2 44. Kxd5 Rxg2 45. Ke4 g5 46. Ra5 Re2+ 47. Kf3 Re3+ 48. Kf2 Rb3 49. 
Rxg5 Nxc6 50. Bxc6 Kxc6 51. Rg7 1/2-1/2

[Event "Capablanca mem Elite 36th"]
[Site "Havana"]
[Date "2001.05.15"]
[Round "9"]
[White "Miles, Anthony J"]
[Black "Dominguez, Lenier"]
[Result "1/2-1/2"]
[WhiteElo "2562"]
[BlackElo "2556"]
[EventDate "2001.05.05"]

1. d4 d5 2. Bf4 Nf6 3. e3 c5 4. c3 Nc6 5. Nd2 Qb6 6. Qc2 cxd4 7. exd4 Bg4 
8. Ngf3 Rc8 9. Qb3 e6 10. Ne5 Nxe5 11. Qxb6 axb6 12. Bxe5 Nd7 13. Bb5 Kd8 
14. Bg3 Nb8 15. O-O Nc6 16. a4 Ra8 17. a5 bxa5 18. Nb3 Be7 19. Ra2 Kc8 20.
 Rfa1 Bd8 21. Nc5 Bb6 22. b4 Na7 23. Nd7 Bd8 24. Rxa5 Bxa5 25. Rxa5 b6 26.
 Ra2 Rd8 27. Ne5 Bh5 28. Ba6+ Kc7 29. Nxf7+ Kc6 30. Nxd8+ Rxd8 31. Bd3 Nb5
32. f3 Bg6 33. Bxg6 hxg6 34. Re2 Kd7 35. Be1 Rc8 36. Re3 Ra8 37. Kf2 Ra2+ 
38. Re2 Rxe2+ 39. Kxe2 Ke7 40. Kd3 Na3 41. Bh4+ Ke8 42. b5 Nxb5 43. Kc2 
Nd6 44. Kb3 Nc4 45. Bg5 Kd7 46. Bf4 Kc6 47. h4 Kd7 48. Kb4 Kc6 49. Kb3 Kd7
50. Kb4 Kc6 1/2-1/2

[Event "Cappelle op 17th"]
[Site "Cappelle la Grande"]
[Date "2001.03.02"]
[Round "8"]
[White "Komljenovic, Davor"]
[Black "Fressinet, Laurent"]
[Result "0-1"]
[WhiteElo "2512"]
[BlackElo "2581"]
[EventDate "2001.02.24"]

1. d4 d5 2. c4 c6 3. Nf3 Nf6 4. Nc3 e6 5. Bg5 Nbd7 6. cxd5 exd5 7. e3 Bd6 
8. Bd3 Nf8 9. O-O Ng6 10. e4 dxe4 11. Nxe4 Be7 12. Nxf6+ Bxf6 13. Re1+ Be6
14. Bxf6 Qxf6 15. d5 cxd5 16. Qa4+ Kf8 17. Nd4 Nf4 18. Bf1 g6 19. Rac1 Kg7
20. Rc7 Rhe8 21. Re3 b5 22. Nxb5 Bg4 23. Rxa7 Be2 24. Rxa8 Rxe3 25. Qd4 
Re5 26. Nc7 Nh3+ 27. gxh3 Qg5+ 28. Qg4 Bxg4 0-1

[Event "Dortmund op-A"]
[Site "Dortmund"]
[Date "2001.??.??"]
[Round "5"]
[White "Epishin, Vladimir"]
[Black "Belikov, Vladimir"]
[Result "1-0"]
[WhiteElo "2578"]
[BlackElo "2502"]
[EventDate "2001.07.??"]

1. d4 Nf6 2. c4 e6 3. Nc3 Bb4 4. e3 O-O 5. Bd3 d5 6. cxd5 exd5 7. Ne2 Re8 
8. O-O Bf8 9. Bd2 c6 10. Qc2 a5 11. Rad1 Na6 12. a3 b5 13. Bc1 b4 14. Na4 
Bd7 15. Ng3 c5 16. Bxa6 Bxa4 17. Qxa4 Rxa6 18. dxc5 Bxc5 19. axb4 Bxb4 20.
 b3 Qd7 21. Bb2 Qxa4 22. bxa4 Rc8 23. Bxf6 Rxf6 24. Rxd5 Rfc6 25. Ne4 h6 
26. g4 Rc4 27. f3 Rc2 28. Rf2 Rc1+ 29. Kg2 Ra1 30. g5 hxg5 31. Nxg5 Rc6 
32. f4 Rxa4 1-0

[Event "Dubai op"]
[Site "Dubai"]
[Date "2001.04.19"]
[Round "5"]
[White "Filippov, Valerij"]
[Black "Asrian, Karen"]
[Result "0-1"]
[WhiteElo "2632"]
[BlackElo "2582"]
[EventDate "2001.04.15"]

1. d4 d5 2. c4 e6 3. Nc3 Nf6 4. cxd5 exd5 5. Bg5 Be7 6. e3 O-O 7. Bd3 Nbd7
8. Qc2 c6 9. Nf3 Re8 10. O-O Nf8 11. h3 g6 12. Bh6 Nh5 13. Rab1 Ng7 14. b4
a6 15. a4 Bf5 16. Bxg7 Bxd3 17. Qxd3 Kxg7 18. Rfc1 Nd7 19. b5 axb5 20. 
axb5 Ra3 21. bxc6 bxc6 22. Qc2 Qa8 23. g4 Bd6 24. Rb2 Nf6 25. g5 Ne4 26. 
Nxe4 dxe4 27. Nd2 Ra5 28. Nxe4 Ba3 29. d5 Rxe4 30. Qxe4 Bxb2 31. Rxc6 Qd8 
32. d6 Ra1+ 33. Kg2 Qxg5+ 34. Kf3 Qh5+ 35. Qg4 Qd5+ 36. Qe4 Qd1+ 37. Kg3 
Qg1+ 38. Qg2 Be5+ 0-1